=LDR 00000nam 2200000 4500 =001 INLIS000000000029428 =005 20130612131649 =008 ***********************************Ind** =035 ##$$0010-061300000029428 =041 ##$$a Ind =082 ##$$a 634.9 =090 ##$$a 634.9, Ari n =245 ##$$a Hutan, hakikat dan pengaruhnya terhadap lingkungan =260 ##$$a 2001 $b Jakarta =300 ##$$a 152 hlm, ilus, 21 cm =650 ##$$a Hutan =850 ##$$a NBPNMAT